00455nam a2200157Ia 45000010006000000050017000060080041000230410008000640820016000721000045000882450111001332600009002443000028002536500008002816540008002892140720260306172917.0260306t2019||||xx |||||||||||||| ||spa|| aESP a344.83bP84 aPrado Saldarriaga, Víctor RobertoeAUT 0aLavado de activos y organizaciones criminales en el Perú:bnuevas políticas, estrategias y marco legal c2019 a965 páginas :c25 cm. aGEN aCDE